| 000 | nam a22 7a 4500 | ||
|---|---|---|---|
| 999 |
_c126840 _d126840 |
||
| 008 | 170830b xxu||||| |||| 00| 0 eng d | ||
| 050 | _aBX5979.L49 1995 | ||
| 100 |
_aLewis, Harold T. _935406 |
||
| 245 |
_aYet with a staedy beat _bThe African American struggle for recognition in the episcopal church _c/ Harold T. Lewis |
||
| 260 |
_aPennsylvania _bTrinity Press International _c1996 |
||
| 300 |
_ax, 253p. ; _c22cm. |
||
| 650 |
_aAfro-American Episcopalians _xHistory _935407 |
||
| 650 |
_aEpiscopal Church _xHistory _935408 |
||
| 650 |
_aEpiscopal Church _xMembership _935409 |
||
| 650 |
_aAnglican Communion _xUnited States _xHistory _935410 |
||
| 650 |
_aAnglican Communion _xUnited States _xMembership _935411 |
||
| 942 |
_2lcc _cMONOGRAPH |
||